|
|
|
|
| LEADER |
00000nab a2200000 a 4500 |
| 001 |
vtls000351289 |
| 003 |
SK-MaSNL |
| 005 |
20260303171305.0 |
| 008 |
160201c1987 xo 0 cze |
| 015 |
|
|
|a SNBRA19rr/mm-uuuuu
|
| 035 |
|
|
|a CL0351411
|
| 040 |
|
|
|a SNKBUCL
|b slo
|c SNKBUCL
|e AACR2
|
| 041 |
0 |
|
|a cze
|
| 044 |
|
|
|a xo
|c SK
|
| 080 |
|
|
|a 621.316.1.016/.017:621.315.016/.017
|2 1981
|
| 080 |
|
|
|a 621.315.016/.017
|2 1981
|
| 100 |
1 |
|
|a Mayer, Daniel
|4 aut
|9 382356
|
| 245 |
1 |
0 |
|a Příspěvek k optimalní kompenzaci trojfázového nelineárneho spotřebiče
|c Daniel Mayer, Miroslav Páv
|
| 300 |
|
|
|b Obr. 1. Tb. 2., lit. 4 zázn. v češ., ruš., angl.
|
| 650 |
0 |
7 |
|a teoretická elektrotechnika
|2 snkbucl
|9 94159
|
| 650 |
0 |
7 |
|a siete elektrické rozvodné
|2 snkbucl
|9 934521
|
| 650 |
0 |
7 |
|a prenos energie elektromagnetom
|2 snkbucl
|9 1195602
|
| 650 |
0 |
7 |
|a neharmonické prúdy
|2 snkbucl
|9 91059
|
| 650 |
0 |
7 |
|a spotrebiče elektrické nelineárne trojfázové
|2 snkbucl
|9 1195603
|
| 655 |
|
7 |
|a články zo zborníkov
|2 snkbucl
|9 166140
|
| 700 |
1 |
|
|a Páv, Miroslav
|4 aut
|9 1195604
|
| 773 |
0 |
|
|t Nové pohľady na meranie výkonu a energie za prítomnosti vyšších harmonických
|d Bratislava : Dom techniky ČSVTS, 1987
|g S. 37-45
|
| 850 |
|
|
|a Slovenská národná knižnica v Martine
|a MTA001
|
| 852 |
|
|
|a SNK
|b KIS3GCP
|
| 958 |
|
|
|a RK
|
| 958 |
|
|
|a CZ
|
| 992 |
|
|
|a RZB
|
| 999 |
|
|
|c 2080674
|d 2082604
|